Fictional Autistic Characters - Statistics

General Stats
  • This quiz has been taken 5 times
  • The average score is 3 of 10
Answer Stats
Work Actor Answer % Correct
Community Danny Pudi Abed Nadir
40%
Power Rangers RJ Cyler Billy Cranston
40%
Mary and Max Philip Seymour Hoffman Max Horowitz
40%
Rain Man Dustin Hoffman Raymond "Ray" Babbitt
40%
Atypical Keir Gilchrist Sam Gardner
40%
The Good Doctor Freddie Highmore Shaun Murphy
40%
Bones Emily Deschanel Temperance Brennan
40%
Sesame Street Stacey Gordon Julia
20%
The Curious Incident of the Dog in the Night-Time - Christopher Boone
0%
She-Ra and the Princesses of Power Christine Woods Entrapta
0%
No matching quizzes found
Score Distribution
Percent of People with Each Score
Percentile by Number Answered
Your Score History
You have not taken this quiz